States with the Largest Part of Their Population in 1 City - Statistics

General Stats
  • This quiz has been taken 330 times
  • The average score is 7 of 10
Answer Stats
Percent in the largest city State % Correct
43.172 New York
91%
39.620 Alaska
81%
24.437 Hawaii
79%
23.146 Arizona
76%
21.231 Illinois
73%
21.259 Nevada
72%
26.730 New Mexico
67%
16.935 Rhode Island
61%
24.261 Nebraska
49%
20.635 South Dakota
45%
No matching quizzes found
Score Distribution
Percent of People with Each Score
Percentile by Number Answered
Your Score History
You have not taken this quiz